Cryptography and network security : principles and practice

Gespeichert in:
Bibliographische Detailangaben
1. Verfasser: Stallings, William
Format: Buch
Veröffentlicht: Pearson
Tags: Tag hinzufügen
Keine Tags, Fügen Sie das erste Tag hinzu!

MARC

LEADER 00000nam a2200000Ia 4500
005 20260515061618.0
100 |a Stallings, William, 
020 |a 9789357059718 
942 |c BK 
245 |a Cryptography and network security : principles and practice  
260 |b Pearson 
999 |c 82  |d 82 
952 |0 0  |1 0  |4 0  |7 0  |a ABDN  |b ABDN  |d 2026-05-15  |l 0  |p 000040  |r 2026-05-15 06:16:18  |w 2026-05-15  |y BK